01737cam a22003854i 4500003000900000005001700009008004100026020001500067020001800082035002000100040003300120082002000153100002600173245007900199264004400278300003500322336002100357337002500378338002300403504003800426505072100464526001001185526001001195526001001205526001001215526000801225526000801233526000801241526000801249526000801257526000801265526000801273650001601281650005401297PE-LiUPU20250731172901.0170109s2015 txu rb 000 0 eng d a1481303007 a9781481303002 a(Sirsi) a165915 aPE-LiUPUbspacPE-LiUPUerda04a227.06bK322231 aKeck Leander,eautor.10aChrist´s First Theologian, the shape of Paul´s Thought: /cLeander Keck. 1aWaco :bBaylor University Press,c2015. a360 páginas;c24 centimetros atext2rdacontent aunmediated2rdamedia avolume2rdacarrier aBibliografía páginas 325-342.04aAImages of Paul in the New Testament -- Paul the Jew -- The quest for Paul's Pharisaism -- The Jewish Paul among the Gentiles -- The problem of Paul's continuing Jewishness -- Paul and apocalyptic theology -- Paul as thinker -- The logic of Paul's soteriology -- Paul's understanding of freedom -- The accountable self -- God, the other, who acts otherwise -- Justification of the ungodly and ethics -- What makes Romans tick? -- Good news for us Gentiles -- Pathos in Romans? -- The post-Pauline interpretation of Jesus' death in Romans 5:6-7 -- The absent good (Romans 7:18a) -- What to do with Paul? -- Is Matthew Arnold also among the prophets? -- What if Paul is right? -- Faith seeking canonical understanding. aSEG42 aSEG41 aSEG40 aSEG39 aP94 aP87 aP86 aP85 aP77 aP76 aP3504aReligión.04aRELIGION xEstudios BíblicosxNuevo Testamento.